Trabajo Social y las nuevas configuraciones de lo Social
I tiakina i:
| Kaituhi rangatōpū: | |
|---|---|
| Hōputu: | Pukapuka |
| Reo: | Pāniora |
| I whakaputaina: |
Buenos Aires
Espacio Editorial
2003
|
| Putanga: | 1a. ed |
| Rangatū: | Colección Ciencias Sociales, Novedades
|
| Ngā marau: | |
| Ngā Tūtohu: |
Tāpirihia he Tūtohu
Kāore He Tūtohu, Me noho koe te mea tuatahi ki te tūtohu i tēnei pūkete!
|
MARC
| LEADER | 00000nam a2200000 a 4500 | ||
|---|---|---|---|
| 001 | UCJ9253 | ||
| 003 | CL-VaPUC | ||
| 005 | 20241111120340.0 | ||
| 008 | 070309e20031000ag 1 spa d | ||
| 020 | |a 9508021691 | ||
| 082 | 0 | 4 | |a 361.3 |b SEM |2 21 |
| 110 | 2 | |a Seminario Internacional - Maestría en Trabajo Social |e author |9 620960 | |
| 245 | 1 | 0 | |a Trabajo Social y las nuevas configuraciones de lo Social |
| 250 | |a 1a. ed | ||
| 260 | |a Buenos Aires |b Espacio Editorial |c 2003 | ||
| 300 | |a 294 p | ||
| 490 | 0 | |a Colección Ciencias Sociales, Novedades | |
| 583 | |a last modification |c 20190826 11:12:55 |k Rodrigo Vera | ||
| 650 | 0 | 0 | |a Trabajo social |9 307856 |
| 650 | 0 | 0 | |a Congresos |9 257560 |
| 650 | 0 | 0 | |a Trabajadores sociales |9 308884 |
| 650 | 0 | 0 | |a Educación |9 258661 |
| 650 | 0 | 0 | |a Filosofía social |9 268191 |
| 942 | |c BK | ||
| 945 | |a lvergara |d 20070309 00:00:00 | ||
| 546 | |a En Español | ||
| 536 | |a Universidad Nacional de Entre Ríos | ||
| 518 | |p Seminario Internacional Maestría en Trabajo Social, 1, Buenos Aires, 16 al 19 de Mayo 2001 | ||
| 999 | |c 384235 |d 384233 | ||
| 952 | |0 0 |1 0 |4 0 |6 361_300000000000000_SEM_2003 |7 0 |8 A |9 506860 |a BIBGIM |b BIBGIM |d 2020-01-23 |i 4311590 |o 361.3 SEM 2003 |p 4311590 |r 2025-01-15 |w 2020-01-23 |y BK |k SSL | ||